000 00276nam a22001217a 4500
008 170818b xxu||||| |||| 00| 0 eng d
041 _aeng
080 _24TH
_a51
100 _a37
101 _aMAT
245 _aCOLLEGE ALGEBRA IN CONTEXT
_cHARSHBARGER,R.J
942 _2udc
_cBK
999 _c24099
_d24099